Datum a čas kvízu

35 Celkem bodů Celkový počet nahraných bodů na tomto kvízu bez doplňovacích otázek.
2. Pořadí na kvízu Konečné umístění týmu na tomto kvízu.

Zaznamenané odpovědi

# Otázka Odpověď Body Výsledky
1. Vozidla taxislužeb již zřejmě... taxametrem 1
2. Jak se nazývá země, která v re... Pákistán 1
3. Dlouho očekávané tmavé téma do... Messenger 1
4. Irský oděvní řetězec, populárn... Primark 0
5. Norský biatlonista Johannes Th... na střelnici vystřelil méněkrát, než je povoleno 1
6. Praha, Plzeň, Pardubice, Příbr... Prachatice 1
7. Francium, rubidium, cesium, dr... lithium (Li) 1
8. Babiš, Sobotka, Zeman, Topolán... Josef Tošovský 1
9. Bohdalová, Kubišová, Rettigová... Božena Němcová 1
10. Komedie omylů, Zkrocení zlé že... Mnoho povyku pro nic 1